Conversaciones en torno a Blaise Pascal

Сохранить в:
Библиографические подробности
Главный автор: Iommi Amunátegui, Godofredo Tomás (autor)
Формат:
Язык:испанский
Опубликовано: Viña del Mar Universidad de Viña del Mar 1999
Предметы:
Метки: Добавить метку
Нет меток, Требуется 1-ая метка записи!

MARC

LEADER 00000nam a2200000 a 4500
001 UCP6218
003 CL-VaPUC
005 20240709154424.0
008 991015e19990000CL |||||||||||||||||spa|d
999 |c 283822  |d 283820 
040 |c Pontificia Universidad Católica de Valparaíso 
082 0 4 |a 510.1  |b IOM  |2 21 
100 |a Iommi Amunátegui, Godofredo Tomás  |e autor  |9 604202 
245 1 0 |a Conversaciones en torno a Blaise Pascal 
260 |a Viña del Mar  |b Universidad de Viña del Mar  |c 1999 
300 |a 46 p 
583 |a last modification  |c 19991015 00:00:00  |k Rodrigo Vera 
600 0 |a Pascal, Blaise   |q (Pascal, Blas)  |d 1623-1662  |9 880816 
650 0 |a Análisis matemático   |9 260146 
650 0 |a Aritmética   |9 270049 
650 0 |a Cálculo  |9 260234 
650 0 |a Matemática  |9 260235 
650 0 |a Polinomios  |9 270626 
942 |c BK  |2 ddc 
945 |d 19991015 00:00:00  |a vberengu 
952 |0 0  |1 0  |4 0  |6 510_100000000000000_IOM_1999  |7 0  |8 A  |9 327299  |a BIBMAT  |b BIBMAT  |c E_DIDACT  |d 2019-11-20  |i 3570657  |o 510.1 IOM 1999  |p 3570657  |r 2025-01-07  |w 2019-11-20  |y BK  |k MAT